000 00816nas a2200229 4500
001 BR9210148
003 BR-BrBNA
005 20231205093547.0
007 ta
008 230509b bl.|||p| |||| 00| 00por d
040 _aBR-BrBNA
_bpor
_cBiblioteca Nacional de Agricultura
041 _a(Pt)
072 _aL50
100 1 _aFreitas, J.V.F.
245 1 _aEstudo de algumas caracteristicas fisicas e da composicao quimica da carpa espelho, Cyprinus carpio (L. 1758)vr. specularis, criada em cativeiro
650 _aCarpa
650 _aBioquimica Animal
650 _aCriacao em Cativeiro
773 0 _tBoletim Tecnico - Departamento Nacional de Obras Contra as Secas (Brazil)
_xISSN 0374-6658
_g(Jan-Dec 1988), v. 46(1-2) p. 5-15
_wBR9210148
909 _a202311
_bLúcia
_c55
_dLúcia Elande
942 _2AGRIS
_n0
_cANA
999 _c139154
_d139154